Emprendimiento exitoso (Registro nro. 17840)
[ vista simple ]
| 000 -LDR (LÍDER) | |
|---|---|
| Campo de control de longitud fija | 01917nam a2200349 a 4500 |
| 003 - IDENTIFICADOR DEL NÚMERO DE CONTROL | |
| Campo de control | CO-PeBPR |
| 005 - FECHA Y HORA DE LA ÚLTIMA TRANSACCIÓN | |
| Campo de control | 20260501131509.0 |
| 008 - ELEMENTOS DE DATOS DE LONGITUD FIJA--INFORMACIÓN GENERAL | |
| Campo de control de longitud fija | 260415e2024 ck a|||| n||| 00| 0 spa c |
| 020 ## - Código Internacional normalizado para libros | |
| Código Internacional normalizado para libros | 9789585084032 |
| 040 0# - FUENTE DE CATALOGACIÓN | |
| Agencia catalogadora original | CO-PeBPR |
| Idioma de la agencia catalogadora | spa |
| Agencia que transcribe | CO-PeBPR |
| Norma para la descripción | rda |
| 041 0# - Código del Idioma | |
| Código idioma del recurso original | spa |
| 082 04 - NÚMERO DE CLASIFICACIÓN DECIMAL DEWEY | |
| Número de clasificación | 658.11 S357e |
| 100 1# - ASIENTO PRINCIPAL--NOMBRE PERSONAL | |
| Nombre personal | Schnarch Kirberg, Alejandro |
| Términos de relación | autor |
| 245 10 - MENCIÓN DE TÍTULO | |
| Título propiamente dicho | Emprendimiento exitoso |
| Subtítulo o título paralelo | : cómo mejorar su proceso y gestión |
| Mención de responsabilidad | / Alejandro Schnarch Kirberg |
| 250 ## - MENCIÓN DE EDICIÓN | |
| Mención de edición | Edición especial |
| 264 #1 - Área de la Producción Publicación, Distribución, Manufactura, etc. | |
| Lugar de publicación, distribución, etc. | Bogotá, Colombia |
| Nombre de la editorial, distribuidor, etc. | : Ecoe Ediciones |
| Fecha de publicación, distribución, etc. | , 2024 |
| 300 ## - DESCRIPCIÓN FÍSICA | |
| Extensión | 258 páginas |
| Otros detalles físicos | : ilustraciones, figuras en blanco y negro |
| Dimensiones | ; 24 centímetros |
| 336 ## - Tipo de Contenido | |
| Tipo de contenido | texto |
| Código de tipo de contenido | txt |
| Fuente | rdacontenido |
| 337 ## - Tipo de Medio | |
| Tipo de Medio | sin mediación |
| Código de tipo de medio | n |
| Fuente | rdamedio |
| 338 ## - Tipo de Soporte | |
| Tipo de soporte | volumen |
| Código de tipo de soporte | nc |
| Fuente | rdasoporte |
| 490 ## - MENCIÓN DE SERIE | |
| Título de la serie | Plan Nacional de Lectura, Escritura y Oralidad / Ministerio de Cultura, Las Artes y los Saberes. |
| 500 ## - NOTA GENERAL | |
| Nota general | Incluye índice. |
| 500 ## - NOTA GENERAL | |
| Nota general | Incluye índice de figuras. |
| 500 ## - NOTA GENERAL | |
| Nota general | Incluye índice de tablas. |
| 520 ## - NOTA DE RESUMEN, ETC. | |
| Nota de sumario | Este libro analiza el apoyo masivo al emprendimiento a través del libro, cursos y seminarios señalando que, a pesar de una alta tasa de emprendimiento, la supervivencia de nuevas empresas es baja. El autor reflexiona sobre los factores que contribuyen a estos fracasos y propone soluciones para mejorar las tasas del éxito. La obra destaca la importancia de diferenciar ideas de oportunidades, crear una oferta de valor adecuada y utilizar herramientas de marketing avanzadas. Además, incorpora nuevas estrategias para el siglo XXI. Dirigida a emprendedores, estudiantes y organismos de apoyo, esta guía busca fomentar empresas sostenibles y contribuir al desarrollo económico. |
| 521 ## - NOTA DE AUDIENCIA | |
| Nota de audiencia | Recomendado para jóvenes y adultos. |
| 650 14 - ASIENTO SECUNDARIO DE MATERIA - TÉRMINO TEMÁTICO | |
| Fuente del encabezado o término | LEMB |
| Encabezamiento temático | Emprendimiento |
| 650 14 - ASIENTO SECUNDARIO DE MATERIA - TÉRMINO TEMÁTICO | |
| Fuente del encabezado o término | LEMB |
| Encabezamiento temático | Nuevas empresas |
| 650 14 - ASIENTO SECUNDARIO DE MATERIA - TÉRMINO TEMÁTICO | |
| Fuente del encabezado o término | LEMB |
| Encabezamiento temático | Inteligencia de negocios |
| 650 14 - ASIENTO SECUNDARIO DE MATERIA - TÉRMINO TEMÁTICO | |
| Fuente del encabezado o término | LEMB |
| Encabezamiento temático | Emprendedores |
| 942 ## - ENTRADA DE ELEMENTOS AGREGADOS (KOHA | |
| Fuente de clasificación o esquema de estantería. | Dewey Decimal Classification |
| Tipo de ítem | Libro |
| Estado de pérdida | Fuente del sistema de clasificación o colocación | Estado de daño | No disponible para préstamo | Colección | Biblioteca de origen | Biblioteca actual | Ubicación en estantería | Signatura topográfica completa | Ejemplar | Código de barras | Tipo de ítem | Fecha de adquisición | Fuente de adquisición | Total de pagos | Fecha de la última vez visto |
|---|---|---|---|---|---|---|---|---|---|---|---|---|---|---|---|
| Dewey Decimal Classification | General | Sala de Patrimonio Bibliográfico y Documental - Biblioteca Departamental | Sala de Patrimonio Bibliográfico y Documental - Biblioteca Departamental | Área General | 658.11 S357e | Ej.1 | RIBPD16050 | Libro | 01/05/2026 | Dotación MinCultura y BNC | 01/05/2026 |